[Event "2. Torneio Ideal Max Euwe"]
[Site "Sao Paulo BRA"]
[Date "2008.08.22"]
[Round "1.1"]
[White "Lujan, Carolina"]
[Black "Roselli Mailhe, Bernardo"]
[Result "1/2-1/2"]
[WhiteElo "2361"]
[BlackElo "2385"]
[PlyCount "35"]
[EventDate "2008.08.22"]
[EventType "tourn"]
[EventRounds "9"]
[EventCountry "BRA"]
[EventCategory "9"]
[Source "lmi"]
[SourceDate "2008.08.22"]

1. e4 e5 2. Nf3 Nf6 3. Nxe5 d6 4. Nf3 Nxe4 5. Qe2 Qe7 6. d3 Nf6 7. Nc3 Qxe2+ 8.
Bxe2 Be7 9. Nd4 O-O 10. O-O Bg4 11. Nd5 Nxd5 12. Bxg4 Bf6 13. Bf3 Bxd4 14. Bxd5
c6 15. Bf3 Nd7 16. c3 Bf6 17. d4 Rfe8 18. Bf4 1/2-1/2

[Event "2. Torneio Ideal Max Euwe"]
[Site "Sao Paulo BRA"]
[Date "2008.08.22"]
[Round "1.4"]
[White "Watanabe, Akira"]
[Black "Van der Wiel, John"]
[Result "0-1"]
[WhiteElo "2353"]
[BlackElo "2504"]
[PlyCount "70"]
[EventDate "2008.08.22"]
[EventType "tourn"]
[EventRounds "9"]
[EventCountry "BRA"]
[EventCategory "9"]
[Source "lmi"]
[SourceDate "2008.08.22"]

1. d4 Nf6 2. c4 e6 3. Nc3 Bb4 4. e3 c5 5. Bd3 Nc6 6. Nge2 cxd4 7. exd4 d5 8.
cxd5 Nxd5 9. O-O O-O 10. Bb1 Re8 11. Qd3 g6 12. Qf3 Qf6 13. Qe4 Bd7 14. h4 Nxc3
15. bxc3 Be7 16. Bg5 Qg7 17. Bd3 Rac8 18. Rac1 f6 19. Be3 f5 20. Qf4 e5 21.
Bc4+ Kh8 22. Qh2 Bd6 23. Bg5 Na5 24. Bd5 Bc6 25. Bxc6 Rxc6 26. h5 Nc4 27. Rfe1
gxh5 28. Qh4 Ba3 29. Rb1 Rg8 30. d5 Rg6 31. Qxc4 Rxg5 32. g3 f4 33. Kf1 f3 34.
Ng1 Rxg3 35. fxg3 Qxg3 0-1

[Event "2. Torneio Ideal Max Euwe"]
[Site "Sao Paulo BRA"]
[Date "2008.08.23"]
[Round "2.4"]
[White "Diaz Hollemaert, Nahuel"]
[Black "Zambrana, Oswaldo"]
[Result "0-1"]
[WhiteElo "2419"]
[BlackElo "2458"]
[PlyCount "77"]
[EventDate "2008.08.22"]
[EventType "tourn"]
[EventRounds "9"]
[EventCountry "BRA"]
[EventCategory "9"]
[Source "lmi"]
[SourceDate "2008.08.22"]

1. d4 d5 2. c4 c6 3. Nf3 Nf6 4. e3 e6 5. Qc2 Nbd7 6. Nbd2 Be7 7. Bd3 O-O 8. O-O
b6 9. e4 dxe4 10. Nxe4 Bb7 11. Nxf6+ Nxf6 12. Rd1 Qc8 13. Bg5 h6 14. Bxf6 Bxf6
15. c5 Qc7 16. Rac1 Rfd8 17. Qe2 Rd7 18. Qe4 Rad8 19. Qh7+ Kf8 20. Re1 Qf4 21.
cxb6 Bxd4 22. Be4 Bxb6 23. g3 Qf6 24. Kg2 g5 25. Re2 g4 26. Nh4 Qg7 27. Qxg7+
Kxg7 28. f3 Rd2 29. Rc2 Rxe2+ 30. Rxe2 f5 31. Bxf5 gxf3+ 32. Nxf3 c5 33. Be4
Bd5 34. b3 Kf6 35. Nd2 Ba5 36. Nc4 Bc3 37. Rf2+ Kg7 38. Re2 a5 39. a4 0-1

[Event "2. Torneio Ideal Max Euwe"]
[Site "Sao Paulo BRA"]
[Date "2008.08.23"]
[Round "2.5"]
[White "Lujan, Carolina"]
[Black "Matsuura, Everaldo"]
[Result "1/2-1/2"]
[WhiteElo "2361"]
[BlackElo "2464"]
[PlyCount "57"]
[EventDate "2008.08.22"]
[EventType "tourn"]
[EventRounds "9"]
[EventCountry "BRA"]
[EventCategory "9"]
[Source "lmi"]
[SourceDate "2008.08.22"]

1. e4 c5 2. Nf3 Nc6 3. d4 cxd4 4. Nxd4 g6 5. c4 Bg7 6. Be3 Nf6 7. Nc3 O-O 8.
Be2 d6 9. O-O Bd7 10. Qd2 Nxd4 11. Bxd4 Bc6 12. Bd3 a5 13. Rfe1 Nd7 14. Bxg7
Kxg7 15. Re3 e5 16. Be2 Nc5 17. Rd1 Ne6 18. Bg4 f5 19. exf5 gxf5 20. Qxd6 Qxd6
21. Rxd6 Nf4 22. Bd1 e4 23. Ba4 Bxa4 24. Nxa4 Rad8 25. c5 Rxd6 26. cxd6 Rd8 27.
f3 Rxd6 28. fxe4 b5 29. Nc3 1/2-1/2

[Event "2. Torneio Ideal Max Euwe"]
[Site "Sao Paulo BRA"]
[Date "2008.08.24"]
[Round "3.1"]
[White "Matsuura, Everaldo"]
[Black "Roselli Mailhe, Bernardo"]
[Result "1-0"]
[WhiteElo "2464"]
[BlackElo "2385"]
[PlyCount "139"]
[EventDate "2008.08.22"]
[EventType "tourn"]
[EventRounds "9"]
[EventCountry "BRA"]
[EventCategory "9"]
[Source "lmi"]
[SourceDate "2008.08.22"]

1. e4 e5 2. Nf3 Nf6 3. d4 Nxe4 4. Bd3 d5 5. Nxe5 Nd7 6. Nxd7 Bxd7 7. O-O Bd6 8.
Nc3 Qh4 9. g3 Nxc3 10. bxc3 Qg4 11. Re1+ Kd8 12. Be2 Qf5 13. c4 dxc4 14. Bxc4
Re8 15. Be3 Bc6 16. d5 Bd7 17. Qd2 Re7 18. Bf1 Ke8 19. c4 b6 20. Bd4 Kf8 21.
Qc3 f6 22. Rxe7 Bxe7 23. c5 Rd8 24. Bg2 Be8 25. Re1 bxc5 26. Bxc5 Bd6 27. Bxa7
Ra8 28. Qb3 Qd7 29. Qb7 Qc8 30. Qxc8 Rxc8 31. Rb1 Ra8 32. Rb7 Ke7 33. Bf1 Bd7
34. Bc4 Kd8 35. Be3 Bc8 36. Rb1 Ba6 37. Bb3 Bd3 38. Rc1 Bb5 39. Rc3 h6 40. h4
Bd7 41. Bc5 Bxc5 42. Rxc5 Ba4 43. h5 Be8 44. g4 Kd7 45. Kg2 Kd6 46. Rc3 Bd7 47.
f3 Ra5 48. Kf2 Ra8 49. Rc4 Ra5 50. Rb4 Ra8 51. Ke3 Kc5 52. Rc4+ Kd6 53. Kd4 Ra5
54. Rb4 Rxd5+ 55. Bxd5 c5+ 56. Kc4 cxb4 57. Bf7 Ke5 58. Kxb4 Bc6 59. Bg6 Bxf3
60. Bf5 Kd6 61. a4 Bd1 62. a5 Kc7 63. Kb5 Be2+ 64. Kc5 Bf1 65. Kd5 Kd8 66. Kc6
Be2 67. Kb6 Bf3 68. a6 Bg2 69. a7 Bf3 70. Bd3 1-0

[Event "2. Torneio Ideal Max Euwe"]
[Site "Sao Paulo BRA"]
[Date "2008.08.24"]
[Round "3.2"]
[White "Zambrana, Oswaldo"]
[Black "Lujan, Carolina"]
[Result "0-1"]
[WhiteElo "2458"]
[BlackElo "2361"]
[PlyCount "108"]
[EventDate "2008.08.22"]
[EventType "tourn"]
[EventRounds "9"]
[EventCountry "BRA"]
[EventCategory "9"]
[Source "lmi"]
[SourceDate "2008.08.22"]

1. e4 c5 2. Nf3 Nc6 3. d4 cxd4 4. Nxd4 Nf6 5. Nc3 e5 6. Ndb5 d6 7. Bg5 a6 8.
Na3 b5 9. Nd5 Be7 10. Bxf6 Bxf6 11. c4 b4 12. Nc2 a5 13. g3 O-O 14. Bg2 Be6 15.
O-O Bg5 16. b3 Ne7 17. h4 Bh6 18. Nxe7+ Qxe7 19. Qd3 Rac8 20. Rfd1 Rfd8 21. Bf1
g6 22. a3 bxa3 23. Rxa3 Rc5 24. Rda1 Qc7 25. Qc3 Rb8 26. Ne1 f5 27. Bh3 Bd7 28.
Nd3 Rcb5 29. Qc2 R5b7 30. Bg2 Bc6 31. exf5 gxf5 32. Ne1 f4 33. g4 Bxg2 34. Nxg2
f3 35. Ne1 Qc8 36. Qe4 Rg7 37. Kf1 Qxg4 38. Qxg4 Rxg4 39. Rxa5 Rxb3 40. c5 Rxh4
41. Kg1 dxc5 42. Rxc5 e4 43. Rc4 Rb7 44. Ra8+ Bf8 45. Nxf3 Rb1+ 46. Ne1 Rxe1+
47. Kg2 Rg4+ 48. Kh2 Re2 49. Kh3 Rf4 50. Raa4 Kf7 51. Kg3 Bd6 52. Ra6 Rf6+ 53.
Kg4 Rexf2 54. Ra7+ Kg6 0-1

[Event "2. Torneio Ideal Max Euwe"]
[Site "Sao Paulo BRA"]
[Date "2008.08.24"]
[Round "3.3"]
[White "Watanabe, Akira"]
[Black "Diaz Hollemaert, Nahuel"]
[Result "0-1"]
[WhiteElo "2353"]
[BlackElo "2419"]
[PlyCount "50"]
[EventDate "2008.08.22"]
[EventType "tourn"]
[EventRounds "9"]
[EventCountry "BRA"]
[EventCategory "9"]
[Source "lmi"]
[SourceDate "2008.08.22"]

1. d4 g6 2. c4 d6 3. Nc3 Bg7 4. e4 Nd7 5. Nf3 e5 6. Be3 exd4 7. Nxd4 Ngf6 8.
Be2 O-O 9. O-O c6 10. Qd2 Re8 11. f3 d5 12. cxd5 cxd5 13. Ndb5 Nb6 14. Rad1 a6
15. Na3 Bd7 16. Bg5 Qc7 17. Rc1 Bc6 18. Bxf6 Bxf6 19. exd5 Bxc3 20. Rxc3 Nxd5
21. Qxd5 Rxe2 22. Qb3 Qe5 23. Nc4 Qd4+ 24. Kh1 Qf2 25. Rg1 Re1 0-1

[Event "2. Torneio Ideal Max Euwe"]
[Site "Sao Paulo BRA"]
[Date "2008.08.24"]
[Round "3.4"]
[White "Milos, Gilberto"]
[Black "Zhao, Zong Yuan"]
[Result "1/2-1/2"]
[WhiteElo "2598"]
[BlackElo "2561"]
[PlyCount "27"]
[EventDate "2008.08.22"]
[EventType "tourn"]
[EventRounds "9"]
[EventCountry "BRA"]
[EventCategory "9"]
[Source "lmi"]
[SourceDate "2008.08.22"]

1. e4 e5 2. Nc3 Nf6 3. Bc4 Nxe4 4. Qh5 Nd6 5. Qxe5+ Qe7 6. Qxe7+ Bxe7 7. Bb3
Nf5 8. Nf3 c6 9. d4 d5 10. Ne2 O-O 11. O-O Nh4 12. Nxh4 Bxh4 13. Re1 Bf5 14.
Ng3 1/2-1/2

[Event "2. Torneio Ideal Max Euwe"]
[Site "Sao Paulo BRA"]
[Date "2008.08.25"]
[Round "4.1"]
[White "Roselli Mailhe, Bernardo"]
[Black "Van der Wiel, John"]
[Result "1/2-1/2"]
[WhiteElo "2385"]
[BlackElo "2504"]
[PlyCount "38"]
[EventDate "2008.08.22"]
[EventType "tourn"]
[EventRounds "9"]
[EventCountry "BRA"]
[EventCategory "9"]
[Source "lmi"]
[SourceDate "2008.08.22"]

1. d4 Nf6 2. c4 e6 3. Nf3 d5 4. Bg5 Be7 5. Nc3 h6 6. Bh4 b6 7. e3 O-O 8. cxd5
Nxd5 9. Bxe7 Qxe7 10. Nxd5 exd5 11. Rc1 Be6 12. Qa4 Rc8 13. Be2 c5 14. dxc5
bxc5 15. Qa3 Nd7 16. O-O Rcb8 17. Nd4 Qf6 18. Nb5 a6 19. Nc3 Rb4 1/2-1/2

[Event "2. Torneio Ideal Max Euwe"]
[Site "Sao Paulo BRA"]
[Date "2008.08.25"]
[Round "4.2"]
[White "Zhao, Zong Yuan"]
[Black "El Debs, Felipe de Cresce"]
[Result "1-0"]
[WhiteElo "2561"]
[BlackElo "2440"]
[PlyCount "51"]
[EventDate "2008.08.22"]
[EventType "tourn"]
[EventRounds "9"]
[EventCountry "BRA"]
[EventCategory "9"]
[Source "lmi"]
[SourceDate "2008.08.22"]

1. Nf3 Nf6 2. c4 c6 3. d4 d5 4. e3 a6 5. Nc3 e6 6. c5 b6 7. cxb6 Nbd7 8. Bd3
Be7 9. O-O O-O 10. b3 Nxb6 11. Bb2 Bb7 12. Rc1 c5 13. Ne5 Nbd7 14. Nxd7 Nxd7
15. Na4 cxd4 16. exd4 Rc8 17. Qe2 Qa5 18. Nc5 Bxc5 19. dxc5 Rxc5 20. Qg4 d4 21.
Rxc5 Nxc5 22. Qxd4 f6 23. b4 Qd8 24. bxc5 Qxd4 25. Bxd4 Rd8 26. Rd1 1-0

[Event "2. Torneio Ideal Max Euwe"]
[Site "Sao Paulo BRA"]
[Date "2008.08.25"]
[Round "4.3"]
[White "Diaz Hollemaert, Nahuel"]
[Black "Milos, Gilberto"]
[Result "1/2-1/2"]
[WhiteElo "2419"]
[BlackElo "2598"]
[PlyCount "48"]
[EventDate "2008.08.22"]
[EventType "tourn"]
[EventRounds "9"]
[EventCountry "BRA"]
[EventCategory "9"]
[Source "lmi"]
[SourceDate "2008.08.22"]

1. c4 g6 2. Nc3 Bg7 3. g3 Nf6 4. Bg2 O-O 5. d4 d6 6. Nf3 Nbd7 7. O-O e5 8. e3
Re8 9. a4 c6 10. a5 a6 11. b4 exd4 12. exd4 Nf8 13. Qb3 Be6 14. Ng5 d5 15. Nxe6
Nxe6 16. Be3 dxc4 17. Qxc4 Nc7 18. Rac1 Qd7 19. Na4 Ncd5 20. Nc5 Qc7 21. Bg5
Rad8 22. Rfe1 Rxe1+ 23. Rxe1 h6 24. Bd2 Ne8 1/2-1/2

[Event "2. Torneio Ideal Max Euwe"]
[Site "Sao Paulo BRA"]
[Date "2008.08.25"]
[Round "4.4"]
[White "Lujan, Carolina"]
[Black "Watanabe, Akira"]
[Result "0-1"]
[WhiteElo "2361"]
[BlackElo "2353"]
[PlyCount "140"]
[EventDate "2008.08.22"]
[EventType "tourn"]
[EventRounds "9"]
[EventCountry "BRA"]
[EventCategory "9"]
[Source "lmi"]
[SourceDate "2008.08.22"]

1. e4 c5 2. Nf3 d6 3. d3 Nc6 4. g3 g6 5. Bg2 Bg7 6. O-O e6 7. Re1 Nge7 8. c3
O-O 9. a3 b5 10. d4 cxd4 11. cxd4 d5 12. e5 Qb6 13. Nc3 h6 14. g4 Bd7 15. Be3
Na5 16. Na2 Nc4 17. Bc1 Rac8 18. b3 Na5 19. Nb4 Nac6 20. Nd3 Nxd4 21. Nxd4 Qxd4
22. Be3 Qc3 23. Bc5 Rfe8 24. b4 Nc6 25. Re3 a5 26. Ra2 axb4 27. axb4 Ra8 28.
Nc1 Qc4 29. Bf1 Qf4 30. Nd3 Qg5 31. f4 Qd8 32. Ree2 Qh4 33. Rg2 Rec8 34. Nc1
Nd8 35. Nb3 Nb7 36. Qa1 Qd8 37. Ra7 Nxc5 38. Nxc5 Bc6 39. Rga2 Rxa7 40. Rxa7 d4
41. Qa2 Qh4 42. Be2 Qh3 43. Bd1 Bf8 44. Ra3 Qh4 45. Rg3 Bxc5 46. bxc5 Qe7 47.
f5 Bd5 48. Qd2 Qxc5 49. fxg6 d3+ 50. Qf2 Qxf2+ 51. Kxf2 Bc4 52. gxf7+ Kxf7 53.
g5 hxg5 54. Bh5+ Kg7 55. Rxg5+ Kh6 56. h4 b4 57. Bd1 b3 58. Rh5+ Kg7 59. Rg5+
Kf7 60. Rh5 Rb8 61. Bxb3 Rxb3 62. Rh7+ Kg6 63. Rd7 Rb2+ 64. Ke3 Bb5 65. Rd6 Kf5
66. h5 Kxe5 67. Rd8 Rh2 68. Rb8 Bc4 69. Ra8 Rh3+ 70. Kd2 Kd4 0-1

[Event "2. Torneio Ideal Max Euwe"]
[Site "Sao Paulo BRA"]
[Date "2008.08.25"]
[Round "4.5"]
[White "Matsuura, Everaldo"]
[Black "Zambrana, Oswaldo"]
[Result "1-0"]
[WhiteElo "2464"]
[BlackElo "2458"]
[PlyCount "105"]
[EventDate "2008.08.22"]
[EventType "tourn"]
[EventRounds "9"]
[EventCountry "BRA"]
[EventCategory "9"]
[Source "lmi"]
[SourceDate "2008.08.22"]

1. e4 c5 2. Nf3 d6 3. d4 cxd4 4. Nxd4 Nf6 5. Nc3 a6 6. f4 e5 7. Nf3 Nbd7 8. a4
Be7 9. Bd3 O-O 10. O-O exf4 11. Kh1 Nc5 12. Bxf4 Be6 13. Nd4 Bg4 14. Be2 Bxe2
15. Qxe2 Qb6 16. Nf5 Rae8 17. Qf3 Ne6 18. Be3 Qxb2 19. Nd5 Nxd5 20. exd5 Bf6
21. dxe6 fxe6 22. Nxd6 Be5 23. Qxb7 Qxb7 24. Nxb7 Bxa1 25. Rxa1 Rc8 26. Rc1 Rc3
27. Bd4 Rc4 28. c3 Rxa4 29. Nc5 Rc4 30. Nxe6 Ra8 31. Kg1 a5 32. Kf2 Re8 33.
Nxg7 Re4 34. Ra1 Rexd4 35. cxd4 Kxg7 36. Ke3 Rc2 37. Rxa5 Rxg2 38. Rh5 Kg6 39.
Rh3 Ra2 40. Ke4 h5 41. Rg3+ Kf6 42. h3 Ra5 43. Rc3 Ke6 44. h4 Ra1 45. Rc6+ Kf7
46. Rc5 Re1+ 47. Kd3 Rh1 48. Rxh5 Kg6 49. Re5 Rxh4 50. Kc4 Kf6 51. Re1 Rh7 52.
Kc5 Re7 53. Rxe7 1-0

[Event "2. Torneio Ideal Max Euwe"]
[Site "Sao Paulo BRA"]
[Date "2008.08.27"]
[Round "5.1"]
[White "Zambrana, Oswaldo"]
[Black "Roselli Mailhe, Bernardo"]
[Result "1-0"]
[WhiteElo "2458"]
[BlackElo "2385"]
[PlyCount "81"]
[EventDate "2008.08.22"]
[EventType "tourn"]
[EventRounds "9"]
[EventCountry "BRA"]
[EventCategory "9"]
[Source "lmi"]
[SourceDate "2008.08.22"]

1. e4 e5 2. Nf3 Nf6 3. Nxe5 d6 4. Nf3 Nxe4 5. d4 d5 6. Bd3 Bd6 7. O-O O-O 8. c4
c6 9. Qc2 Na6 10. a3 f5 11. Nc3 Nc7 12. b4 Be7 13. Bf4 Ne6 14. Be5 Bf6 15. cxd5
cxd5 16. Rfd1 Kh8 17. Qb3 N6g5 18. Nxg5 Bxe5 19. dxe5 Qxg5 20. Nxd5 Be6 21.
Bxe4 fxe4 22. Qg3 Qxg3 23. hxg3 Rae8 24. Ne3 h6 25. Rac1 Re7 26. Rd4 Bf5 27.
Rcd1 Bg6 28. Rd7 Rff7 29. e6 Rxe6 30. Rxf7 Bxf7 31. Rd7 Kg8 32. Rxb7 Ra6 33.
Nc2 Bb3 34. b5 Ra4 35. Nb4 Rxa3 36. Nc6 Ra1+ 37. Kh2 Rb1 38. Ne7+ Kf8 39. Nf5
Bf7 40. Rb8+ Be8 41. Nd6 1-0

[Event "2. Torneio Ideal Max Euwe"]
[Site "Sao Paulo BRA"]
[Date "2008.08.27"]
[Round "5.2"]
[White "Watanabe, Akira"]
[Black "Matsuura, Everaldo"]
[Result "1-0"]
[WhiteElo "2353"]
[BlackElo "2464"]
[PlyCount "49"]
[EventDate "2008.08.22"]
[EventType "tourn"]
[EventRounds "9"]
[EventCountry "BRA"]
[EventCategory "9"]
[Source "lmi"]
[SourceDate "2008.08.22"]

1. d4 d5 2. c4 c6 3. Nf3 Nf6 4. e3 e6 5. Bd3 Ne4 6. Qc2 f5 7. Ne5 Nd7 8. Nxd7
Bxd7 9. O-O Bd6 10. f3 Qh4 11. g3 Nxg3 12. hxg3 Bxg3 13. Qg2 Rf8 14. f4 Rf6 15.
Nd2 Rg6 16. Nf3 Qf6 17. Ne5 Bh2+ 18. Kxh2 Rxg2+ 19. Kxg2 O-O-O 20. Rh1 h6 21.
Bd2 g5 22. Kf2 Be8 23. c5 g4 24. Ba5 h5 25. Bxd8 1-0

[Event "2. Torneio Ideal Max Euwe"]
[Site "Sao Paulo BRA"]
[Date "2008.08.27"]
[Round "5.3"]
[White "Milos, Gilberto"]
[Black "Lujan, Carolina"]
[Result "1-0"]
[WhiteElo "2598"]
[BlackElo "2361"]
[PlyCount "75"]
[EventDate "2008.08.22"]
[EventType "tourn"]
[EventRounds "9"]
[EventCountry "BRA"]
[EventCategory "9"]
[Source "lmi"]
[SourceDate "2008.08.22"]

1. e4 c5 2. Nf3 Nc6 3. d4 cxd4 4. Nxd4 Nf6 5. Nc3 e5 6. Ndb5 d6 7. Bg5 a6 8.
Na3 b5 9. Nd5 Be7 10. Bxf6 Bxf6 11. c4 b4 12. Nc2 a5 13. g3 O-O 14. Bg2 Bg5 15.
O-O Ne7 16. Nde3 Rb8 17. Qd3 Qb6 18. b3 g6 19. Rad1 Rd8 20. f4 exf4 21. gxf4
Bh6 22. Kh1 Bb7 23. f5 Qc5 24. Ng4 Bg5 25. Qg3 d5 26. exd5 Nxd5 27. fxg6 hxg6
28. Bxd5 Bxd5+ 29. Rxd5 Rxd5 30. Qxb8+ Rd8 31. Qb7 f5 32. Nf2 Bh4 33. Qg2 Kg7
34. Nh3 Qe5 35. Nf4 g5 36. Nd5 Rh8 37. Nce3 Rf8 38. Qf3 1-0

[Event "2. Torneio Ideal Max Euwe"]
[Site "Sao Paulo BRA"]
[Date "2008.08.28"]
[Round "6.1"]
[White "Roselli Mailhe, Bernardo"]
[Black "Zhao, Zong Yuan"]
[Result "1/2-1/2"]
[WhiteElo "2385"]
[BlackElo "2561"]
[PlyCount "88"]
[EventDate "2008.08.22"]
[EventType "tourn"]
[EventRounds "9"]
[EventCountry "BRA"]
[EventCategory "9"]
[Source "lmi"]
[SourceDate "2008.08.22"]

1. d4 d5 2. c4 e6 3. Nc3 c6 4. cxd5 exd5 5. Bf4 Qb6 6. Qd2 Nf6 7. e3 Bf5 8. f3
h5 9. h4 Nbd7 10. Na4 Qd8 11. Bd3 Bxd3 12. Qxd3 g6 13. Ne2 Bg7 14. Kf2 O-O 15.
b4 b5 16. Nc5 Nb6 17. a4 bxa4 18. b5 cxb5 19. Qxb5 Qe7 20. Nxa4 Nc4 21. Nac3
Rac8 22. Nxd5 Nxd5 23. Qxd5 Bf6 24. g3 Rfe8 25. Qe4 Qd7 26. Qd3 Re6 27. Ra2
Rec6 28. Kg2 a5 29. Rb1 Be7 30. e4 Bb4 31. d5 Rc5 32. Nd4 Nb6 33. Rc2 Rc3 34.
Rxc3 Rxc3 35. Qb5 Rc2+ 36. Kg1 Bc5 37. Be3 Qc7 38. Nxc2 Qxg3+ 39. Kf1 Bxe3 40.
Nxe3 Qxf3+ 41. Ke1 Qxe3+ 42. Kf1 Qf3+ 43. Kg1 Qg4+ 44. Kf1 Qf3+ 1/2-1/2

[Event "2. Torneio Ideal Max Euwe"]
[Site "Sao Paulo BRA"]
[Date "2008.08.28"]
[Round "6.3"]
[White "Lujan, Carolina"]
[Black "El Debs, Felipe de Cresce"]
[Result "0-1"]
[WhiteElo "2361"]
[BlackElo "2440"]
[PlyCount "110"]
[EventDate "2008.08.22"]
[EventType "tourn"]
[EventRounds "9"]
[EventCountry "BRA"]
[EventCategory "9"]
[Source "lmi"]
[SourceDate "2008.08.22"]

1. e4 c5 2. Nf3 Nc6 3. d3 Nf6 4. g3 d5 5. e5 Nd7 6. Qe2 e6 7. Bf4 Qc7 8. Bg2 b6
9. O-O Bb7 10. Re1 Be7 11. h4 O-O-O 12. c3 h6 13. d4 c4 14. b3 Na5 15. Nbd2 Kb8
16. b4 Nc6 17. a4 Rdg8 18. Qe3 Qd8 19. h5 g5 20. hxg6 fxg6 21. g4 g5 22. Bg3
Nf8 23. Nh2 Ng6 24. Rad1 Qc7 25. Ndf1 Rf8 26. Qd2 Rhg8 27. Ne3 Nf4 28. Bf1 a6
29. Ng2 Nh3+ 30. Kh1 Bd8 31. Ne3 Nf4 32. Ng2 Qf7 33. b5 axb5 34. axb5 Na5 35.
Re3 Nb3 36. Qa2 h5 37. gxh5 Qxh5 38. Be2 Nxe2 39. Qxe2 g4 40. Qe1 Bg5 41. Re2
Rh8 42. Ne3 Rf3 43. Qg1 Bxe3 44. Rxe3 Qf5 45. Qe1 Rxe3 46. Qxe3 Nc5 47. Qf4 Nd3
48. Qxf5 exf5 49. f4 gxf3 50. Rf1 f4 51. Be1 Bc8 52. Rxf3 Nxe1 53. Rxf4 Rh3 54.
Rf8 Rxc3 55. Ng4 Rh3+ 0-1

[Event "2. Torneio Ideal Max Euwe"]
[Site "Sao Paulo BRA"]
[Date "2008.08.28"]
[Round "6.4"]
[White "Matsuura, Everaldo"]
[Black "Milos, Gilberto"]
[Result "1/2-1/2"]
[WhiteElo "2464"]
[BlackElo "2598"]
[PlyCount "44"]
[EventDate "2008.08.22"]
[EventType "tourn"]
[EventRounds "9"]
[EventCountry "BRA"]
[EventCategory "9"]
[Source "lmi"]
[SourceDate "2008.08.22"]

1. e4 e5 2. Nf3 Nc6 3. Bb5 a6 4. Ba4 Nf6 5. O-O Nxe4 6. d4 b5 7. Bb3 d5 8. dxe5
Be6 9. Nbd2 Bc5 10. c3 O-O 11. Bc2 Bf5 12. Nb3 Bg6 13. Nfd4 Bxd4 14. cxd4 a5
15. Be3 a4 16. Nd2 f6 17. exf6 Qxf6 18. Rc1 Rae8 19. Bb1 h6 20. Nxe4 Bxe4 21.
Bxe4 Rxe4 22. Rc5 Nxd4 1/2-1/2

[Event "2. Torneio Ideal Max Euwe"]
[Site "Sao Paulo BRA"]
[Date "2008.08.28"]
[Round "6.5"]
[White "Zambrana, Oswaldo"]
[Black "Watanabe, Akira"]
[Result "1/2-1/2"]
[WhiteElo "2458"]
[BlackElo "2353"]
[PlyCount "48"]
[EventDate "2008.08.22"]
[EventType "tourn"]
[EventRounds "9"]
[EventCountry "BRA"]
[EventCategory "9"]
[Source "lmi"]
[SourceDate "2008.08.22"]

1. e4 c5 2. Nf3 d6 3. d4 cxd4 4. Nxd4 Nf6 5. Nc3 a6 6. Bg5 e6 7. f4 Qb6 8. Qd2
Qxb2 9. Nb3 Qa3 10. Bxf6 gxf6 11. Be2 h5 12. O-O Nd7 13. Kh1 h4 14. h3 Be7 15.
Rad1 Qb4 16. f5 Ne5 17. Qe3 Bd7 18. a3 Qxa3 19. Rd4 Rc8 20. Ra1 Qb2 21. Nd1
Qxc2 22. Rc1 Qa2 23. Ra1 Qc2 24. Rc1 Qa2 1/2-1/2

[Event "2. Torneio Ideal Max Euwe"]
[Site "Sao Paulo BRA"]
[Date "2008.08.29"]
[Round "7.5"]
[White "Zhao, Zong Yuan"]
[Black "Diaz Hollemaert, Nahuel"]
[Result "1-0"]
[WhiteElo "2561"]
[BlackElo "2419"]
[PlyCount "132"]
[EventDate "2008.08.22"]
[EventType "tourn"]
[EventRounds "9"]
[EventCountry "BRA"]
[EventCategory "9"]
[Source "lmi"]
[SourceDate "2008.08.22"]

1. e4 e5 2. Nf3 Nc6 3. Bb5 a6 4. Ba4 Nf6 5. O-O b5 6. Bb3 Be7 7. Re1 d6 8. c3
O-O 9. h3 Na5 10. Bc2 c5 11. d4 Qc7 12. Nbd2 cxd4 13. cxd4 Rd8 14. b3 Nc6 15.
Bb2 Bb7 16. Rc1 Qb6 17. d5 Nb4 18. Bb1 a5 19. Nf1 Na6 20. Ne3 Bf8 21. Qd2 Nc5
22. Nf5 Bc8 23. N3h4 b4 24. Kh2 Nh5 25. Qg5 g6 26. Nh6+ Bxh6 27. Qxh6 Nd3 28.
Bxd3 Qxf2 29. Nf3 Bxh3 30. Qd2 Qg3+ 31. Kg1 Bxg2 32. Qg5 Qh3 33. Nh4 h6 34.
Qxg2 Qxh4 35. Re3 Nf4 36. Qg3 Qf6 37. Rf1 Rdc8 38. Ref3 a4 39. Bc1 axb3 40.
axb3 Rc3 41. Bc4 Ra2 42. Rxc3 bxc3 43. Rf3 h5 44. Bf1 h4 45. Qg4 Rc2 46. Be3
Rb2 47. Qc8+ Kh7 48. Qxc3 Qg5+ 49. Kh1 Qg4 50. Bxf4 exf4 51. Bh3 Rb1+ 52. Rf1
Rxf1+ 53. Bxf1 Qd1 54. Qd3 Qe1 55. Qf3 Qd2 56. Qd3 Qe1 57. Kg1 Kg7 58. Qd4+ f6
59. Qd3 h3 60. Qf3 g5 61. Kh2 f5 62. exf5 Kf6 63. Bxh3 Qd2+ 64. Bg2 Qe1 65. Qh3
Qd2 66. Qh6+ Kxf5 1-0

[Event "2. Torneio Ideal Max Euwe"]
[Site "Sao Paulo BRA"]
[Date "2008.08.29"]
[Round "8.1"]
[White "Roselli Mailhe, Bernardo"]
[Black "Diaz Hollemaert, Nahuel"]
[Result "0-1"]
[WhiteElo "2385"]
[BlackElo "2419"]
[PlyCount "202"]
[EventDate "2008.08.22"]
[EventType "tourn"]
[EventRounds "9"]
[EventCountry "BRA"]
[EventCategory "9"]
[Source "lmi"]
[SourceDate "2008.08.22"]

1. d4 Nf6 2. c4 e6 3. Nf3 d5 4. Nc3 c6 5. cxd5 exd5 6. Bg5 Be7 7. Qc2 g6 8. e3
Bf5 9. Bd3 Bxd3 10. Qxd3 O-O 11. O-O Nbd7 12. Rab1 a5 13. Rfc1 Re8 14. Nd2 Nh5
15. Bxe7 Qxe7 16. Na4 f5 17. g3 Nhf6 18. Qb3 Qb4 19. a3 Qxb3 20. Nxb3 Ne4 21.
Rc2 Nd6 22. Nac5 Nf8 23. a4 g5 24. Nd3 Ng6 25. Nbc5 Re7 26. b4 Nc4 27. Ra2 axb4
28. Rxb4 b6 29. Nb3 f4 30. exf4 gxf4 31. Kf1 Rae8 32. a5 bxa5 33. Nxa5 Ra7 34.
Nxc4 Rxa2 35. Nce5 c5 36. dxc5 Nxe5 37. Nxf4 Rc8 38. Nxd5 Rxc5 39. Rb8+ Kg7 40.
Rb7+ Nf7 41. Ne3 Ra6 42. Kg2 Kg6 43. g4 Nd6 44. Re7 Nf7 45. h4 Kf6 46. Rb7 h6
47. Kg3 Rc3 48. Kg2 Rc5 49. Kg3 Nd6 50. Rb8 Rc3 51. Kg2 Rd3 52. Rh8 Nf7 53. Re8
Ra2 54. Kg3 Nd6 55. Rf8+ Ke5 56. Kf3 Rdd2 57. Kg2 Re2 58. g5 Rxe3 59. gxh6 Rb3
60. h7 Nf7 61. Rxf7 Ra8 62. f3 Rh8 63. Kg3 Ke6 64. Ra7 Kf5 65. Rg7 Kf6 66. Ra7
Rb6 67. Kg4 Kg6 68. Ra3 Rxh7 69. Rc3 Rg7 70. Ra3 Kh6+ 71. Kf4 Re6 72. Rc3 Rf7+
73. Kg3 Rg6+ 74. Kf2 Rf4 75. Ra3 Rxh4 76. Rb3 Re6 77. Ra3 Rb4 78. Rc3 Kg5 79.
Kg3 Kf5 80. Rc5+ Re5 81. Rc3 Reb5 82. Ra3 Rb3 83. Ra8 Rb6 84. Ra5+ R3b5 85. Ra3
Rg6+ 86. Kf2 Rb2+ 87. Ke3 Re6+ 88. Kd4 Kf4 89. Ra8 Kxf3 90. Rf8+ Ke2 91. Kd5
Re3 92. Kd4 Rb4+ 93. Kc5 Rh4 94. Ra8 Re5+ 95. Kd6 Rb5 96. Kc6 Rf5 97. Re8+ Kd3
98. Kb7 Rh7+ 99. Kb6 Rh6+ 100. Kb7 Rf7+ 101. Kb8 Rhh7 0-1